| 000 | 00787nam a22002537a 4500 | ||
|---|---|---|---|
| 001 | 23793 | ||
| 003 | UA-OsUOA | ||
| 005 | 20240617155504.0 | ||
| 007 | ta | ||
| 008 | 20040128b un ||||| |||| 00| 0 ukr d | ||
| 040 |
_aUA-OsUOA _bukr _cUA-OsUOA _dUA-OsUOA |
||
| 041 | _aukr | ||
| 044 | _aUA | ||
| 080 | _a821.161.2 | ||
| 090 |
_a821.161.2 _bС79 |
||
| 100 |
_aСтефанович Олекса _93278 |
||
| 245 |
_aВозлюби її до крови: Літературна спадщина. Дослідженння. Документи. _cОлекса Стефанович |
||
| 260 |
_aРівне _b"Азалія" _c2003 |
||
| 300 |
_a140 с. _bІлюстрації |
||
| 490 | _a"Реабілітовані історією" | ||
| 650 | 7 | _2UDC | |
| 942 |
_cBK _2udc |
||
| 955 | _a0 | ||
| 999 |
_c310052 _d310052 |
||